000 00921cam a2200241 4500
001 WB3717-29
008 000000n2001 000 0 eng u
035 _a(Sirsi) u112332
245 _aFarmers hit by 10% wage rise
260 _c2001
490 _aDaily Telegraph
_v1 May 2001, 10(1)
520 _aThe National Farmers Union has reacted angrily to the Agricultural Wages Board ruling that the base rate for farm workers should increase from £4.57 to £4.77 per hour from 1 October 2001. The rate for casual workers will rise from £3.73 to £4.10 per hour. http://www.maff.gov.uk/inf/newsrel/awb/awb_ix.htm.
590 _aWB
650 _aAGRICULTURAL WAGES
650 _aAGRICULTURAL WAGES BOARD
650 _aAGRICULTURAL WORKERS
650 _aCASUAL WORKERS
650 _aFARM WORKERS
650 _aWAGE INCREASES
650 _aWAGE RATES
690 _aRURAL-FARM BUSINESS MANAGEMENT
942 _n0
999 _c66865
_d66865